000 02167nam a2200241Ia 4500
003 Ost
005 20260507075616.0
008 260507s9999||||xx |||||||||||||| ||und||
020 _a9789961019009
040 _cfsecg
041 _aara
082 _a657.46
100 _aشنوف، شعيب
_eمؤلف
245 0 _aالمحاسبة المالية :
_b وفقا للمعايير الدولية للإبلاغ المالي IFRS النظام المحاسبي المالي & SCF /
_c شعيب شنوف
260 _aالجزائر:
_bديوان المطبوعات الجامعية,
_c2016
300 _a367 صفحة؛
_bإيضاحات ؛
_c24 سم
504 _aالمراجع ص.359 الملاحق ص.363
520 _aيتناول هذا الكتاب المحاسبة المالية طبقا للمعايير الدولية للإبلاغ المالي والنظام المحاسبي المالي وهو عبارة عن دراسة مقاربة للمعالجة المحاسبية بين المرجعية الدولية للمحاسبة والمتمثلة في المعايير المحاسبية الدولية ومعايير الابلاغ المالي الدولية والنظام المحاسبي الجزائري ، تم تقديمه وفق برنامج التكوين بميدان العلوم الإقتصادية ، التسيير والعلوم التجارية لنظام الليسانس ماستر دكتوراه، وهو يشمل عددا من الفصول المتسلسلة ، الفصل الأول تناول المحاسبة المالية ، الثاني المحاسبة المالية المتقدمة ويتضمن المحاسبة المعمقة، الثالث المعايير المحاسبية الدولية ، الرابع معايير الابلاغ المالي الدولية، أما الفصل الخامس فتناول آثار تبني وتطبيق المعايير المحاسبية الدولية على التحليل المالي.
653 _a الإبلاغ المالي - IFRS
653 _aالمحاسبة التحليلية
653 _aالنظام المحاسبي المالي - SCF
942 _cكتاب
999 _c45110
_d45110